| 000 | 01964cam a22004574i 4500 | ||
|---|---|---|---|
| 003 | PE-LiUPU | ||
| 005 | 20250731173151.0 | ||
| 008 | 150623s r 000 0 d | ||
| 035 | _a(Sirsi) a28199 | ||
| 040 |
_aPE-LiUPU _bspa _cPE-LiUPU _erda |
||
| 082 | 0 | 4 |
_a263.1 _bB122000 _221 |
| 100 | 1 |
_aBacchiocchi, Samuele, _eautor. |
|
| 245 | 1 | 4 |
_aThe sabbath in the New Testament : _banswers to questions / _cSamuele Bacchiocchi. |
| 264 | 1 |
_aBerrien Springs, Michigan : _bBiblical Perspectives, _c2000. |
|
| 300 |
_a296 páginas ; _c23 cm. |
||
| 336 |
_atext _2rdacontent |
||
| 337 |
_aunmediated _2rdamedia |
||
| 338 |
_avolume _2rdacarrier |
||
| 490 | 0 |
_aBiblical Perspectives ; _v5 |
|
| 504 | _aIncluye bibliografía. | ||
| 505 | 0 | _aThree eiews on the sabbath in the New Testament. The continuity between judaism and Christianity. The creation sabbath in the New Testament. The redemptive meaning of the sabbath. Sabbathkeeping in the New Testament. Paul and the law. Paul and the sabbath. Questions about the sabbath in the Old Testament. Question about the sabbath in the New Testament. Questions about sabbathkeeping today. Our favorite sabbath recipes. | |
| 526 | _aSEG42 | ||
| 526 | _aSEG41 | ||
| 526 | _aSEG40 | ||
| 526 | _aSEG39 | ||
| 526 | _aP94 | ||
| 526 | _aP87 | ||
| 526 | _aP86 | ||
| 526 | _aP85 | ||
| 526 | _aP77 | ||
| 526 | _aP76 | ||
| 526 | _aP35 | ||
| 650 | 0 | 4 | _aSábado bíblico. |
| 650 | 0 | 4 |
_aSábado _xObservancia (N.T.). |
| 650 | 0 | 4 | _aRecetas de cocina para el sábado. |
| 942 |
_2ddc _cBOOK |
||
| 949 |
_a263.1 B12 2000 _wDEWEY _c1 _i53449 _lCCODEBUL1 _mBUL _p20.00 _r0 _sY _tBOOK _u2015-06-24 _xTEOLOGIA _PP35 _0COMPRA _o.STAFF. Colección General |
||
| 596 | _a1 | ||
| 999 |
_a263.1 B12 2000 _wDEWEY _c35420 _i53449 _d35420 _e2018-4-3 _f2021-11-10 _g5 _lCCODEBUL1 _mBUL _n1 _p20.00 _q1 _r0 _sY _tBOOK _u2015-6-24 _xTEOLOGIA _PP35 _0COMPRA _o.STAFF. Colección General |
||
| 980 |
_81 _gALBERTO SANCHEZ Responsable de Automatización |
||